Statistics for All time Pro 14 table

Click here to take the quiz!

General Stats

  • This quiz has been taken 16 times
    (4 since last reset)
  • The average score is 15 of 30

Answer Stats

NPointsClubs% Correct
2429Cardiff
100%
16122Cell C Sharks
100%
11,427Leinster
100%
21,326Munster
100%
10698Newport Gwent Dragons
100%
31,239Ulster
100%
12208Zebre
100%
8937Cardiff Blues
75%
9846Connacht
75%
7990Edinburgh
75%
51,144Glasgow Warriors
75%
41,183Neath-Swansea Ospreys
75%
13158DHL Stormers
50%
61,032Llanelli Scarlets
50%
15141Toyota Cheetahs
50%
14145Vodacom Bulls
50%
11502Benetton Treviso
25%
1796Border Reivers
25%
1894Lions
25%
2329Llanelli
25%
2230Neath
25%
2815Newport
25%
2040Southern Kings
25%
2625Swansea
25%
2134Aironi
0%
2719Bridgend
0%
303Caerphilly
0%
1965Celtic Warriors
0%
298Ebbor Vale
0%
2529Pontypridd
0%

Score Distribution

Percentile by Number Answered

Percent of People with Each Score

Your Score History

You have not taken this quiz since the last reset